| 000 -LEADER |
| fixed length control field |
00638nam a2200205Ia 4500 |
| 008 - FIXED-LENGTH DATA ELEMENTS--GENERAL INFORMATION |
| fixed length control field |
200103 1971 s||||xx |||||||||||||| ||und|| |
| 082 ## - DEWEY DECIMAL CLASSIFICATION NUMBER |
| Classification number |
670.42 |
| Item number |
CHO |
| 100 ## - MAIN ENTRY--PERSONAL NAME |
| Personal name |
Choudhury, S. K. Hajra |
| 245 #0 - TITLE STATEMENT |
| Title |
Elements of workshop technology: machine tools, Vol. 2 |
| 250 ## - EDITION STATEMENT |
| Edition statement |
2nd Rev. |
| 260 ## - PUBLICATION, DISTRIBUTION, ETC. (IMPRINT) |
| Name of publisher, distributor, etc |
Asia Publishing House |
| Date of publication, distribution, etc |
1971 |
| Place of publication, distribution, etc |
Bombay |
| 300 ## - PHYSICAL DESCRIPTION |
| Extent |
viii, 572 p.: ill. |
| 504 ## - BIBLIOGRAPHY, ETC. NOTE |
| Bibliography, etc |
Includes appendix and index |
| 650 ## - SUBJECT ADDED ENTRY--TOPICAL TERM |
| Topical term or geographic name as entry element |
Machine-shop practice |
| 650 ## - SUBJECT ADDED ENTRY--TOPICAL TERM |
| Topical term or geographic name as entry element |
Machine-tools |
| 650 ## - SUBJECT ADDED ENTRY--TOPICAL TERM |
| Topical term or geographic name as entry element |
Workshops - Equipment and supplies |
| 700 ## - ADDED ENTRY--PERSONAL NAME |
| Personal name |
Bose, S. K |
| Relator term |
Co-author |
| 700 ## - ADDED ENTRY--PERSONAL NAME |
| Personal name |
Bhattacharya, S.C. |
| Relator term |
Collaborator |
| 942 ## - ADDED ENTRY ELEMENTS (KOHA) |
| Item type |
Books |